Catálogo

ADMINISTRACION (Registro nro. 11869)

Detalles MARC
000 -LEADER
fixed length control field 00809nam a2200193 a 4500
001 - CONTROL NUMBER
control field 11869
005 - DATE AND TIME OF LATEST TRANSACTION
control field 20180713200059.0
008 - FIXED-LENGTH DATA ELEMENTS--GENERAL INFORMATION
fixed length control field 140415s1989 mx 000 0 spa d
041 ## - LANGUAGE CODE
Language code of text/sound track or separate title spa
082 ## - DEWEY DECIMAL CLASSIFICATION NUMBER
Classification number 658
Item number HIC
100 1# - MAIN ENTRY--PERSONAL NAME
Personal name HICKS, HERBERT G.
245 10 - TITLE STATEMENT
Title ADMINISTRACION
250 ## - EDITION STATEMENT
Edition statement 1a ed.
260 ## - PUBLICATION, DISTRIBUTION, ETC.
Place of publication, distribution, etc. MEXICO :
Name of publisher, distributor, etc. CECSA,
Date of publication, distribution, etc. 1989
300 ## - PHYSICAL DESCRIPTION
Extent 653
520 ## - SUMMARY, ETC.
Summary, etc. EL ENFOQUE PRINCIPAL DE ESTE LIBRO RESIDE EN LAS FUNCIONES DE LA ADMINISTRACIŇN-PLANEACIŇN,ORGANIZACIŇN, MOTIVACIŇN Y CONTROL-. PUESTO QUE ESTAS FUNCIONES DE ADMINISTRACIŇN SE ACOPLAN RÁPIDAMENTE A DIVERSAS ÁREAS TALES COMO LOS MÉTODOS CUANTITATIVOS, RECURSOS HUMANOS, TEORÄšA Y ANÁLISIS DE SISTEMAS, PRINCIPIOS DE ADMINISTRACIŇN, ENTRE OTRAS.
650 14 - SUBJECT ADDED ENTRY--TOPICAL TERM
Topical term or geographic name entry element ADMINISTRACION
700 1# - ADDED ENTRY--PERSONAL NAME
Personal name GULLETT, C. RAY
Relator term coaut.
Existencias
Withdrawn status Lost status Source of classification or shelving scheme Damaged status Not for loan Collection code Home library Current library Shelving location Date acquired Source of acquisition Inventory number Total Checkouts Full call number Barcode Date last seen Date last checked out Price effective from Koha item type
    Dewey Decimal Classification     General Biblioteca Karol Wojtyla Biblioteca Karol Wojtyla Sala general 03/12/2013 Compra 151000000000000000020546   658 HIC 68540 05/01/2026 07/02/2018 03/12/2013 Libro
    Dewey Decimal Classification     General Biblioteca Karol Wojtyla Biblioteca Karol Wojtyla Sala general 03/12/2013 Compra 151000000000000000020541   658 HIC 27524 05/01/2026 29/01/2015 03/12/2013 Libro